| 000 | 00443nam a2200169Ia 4500 | ||
|---|---|---|---|
| 003 | GCL | ||
| 008 | 140319s9999 xx 000 0 ara d | ||
| 040 |
_aGCL / _cGCL |
||
| 082 | 0 | 4 |
_a808.88 _bس ذ |
| 100 | 1 | _aالسيد ابو النجا | |
| 245 | 1 | 0 |
_aذكريات عارية / _cالسيد ابو النجا |
| 300 | _a245 ص | ||
| 490 | _a | ||
| 650 | 0 | 4 | _aالمذكرات |
| 650 | 0 | 4 | _aالتراجم الذاتية |
| 942 |
_2ddc _cBK |
||
| 999 |
_c45478 _d45478 |
||